Stolice według akwenów - Statystyki

Ogólne statystyki
  • Ten quiz został rozwiązany 3 734 razy
  • Średni wynik to 11 z 20
Statystyki odpowiedzi
Zbiornik wodny Stolica/e % Poprawnych
Sekwana Paryż
98%
Tamiza Londyn
96%
Wisła Warszawa
91%
Dniepr Kijów
84%
Dunaj Wiedeń | Budapeszt | Belgrad | Bratysława
84%
Tyber Rzym
64%
Tygrys Bagdad
59%
Río de la Plata Buenos Aires | Montevideo
51%
Morze Kaspijskie Baku
50%
Potomak Waszyngton
47%
Kongo Brazzaville | Kinszasa
46%
Morze Jawajskie Dżakarta
45%
Zatoka Meksykańska Hawana
44%
Cieśnina Sund Kopenhaga
41%
Amstel Amsterdam
32%
Han-gang Seul
31%
Mekong Wientian | Phnom Penh
31%
Jezioro Wiktorii Kampala
28%
Liffey Dublin
27%
Zatoka Adeńska Dżibuti
17%
Nie znaleziono quizów pasujących do podanych kryteriów
Rozkład punktacji
Procent ludzi z każdym wynikiem
Percentyl według liczby udzielonych odpowiedzi
Twoja historia wyników
Nie rozwiązałeś tego quizu